Guess the 1960s song lyrics #225 - Statistics

General Stats
  • This quiz has been taken 13 times
  • The average score is 180 of 225
Answer Stats
Answer % Correct
a
100%
do
100%
I
100%
it
100%
make
100%
on
100%
woman
100%
Woman
100%
And
91%
and
91%
be
91%
feel
91%
for
91%
I'm
91%
in
91%
like
91%
me
91%
no
91%
of
91%
the
91%
to
91%
when
91%
When
91%
you
91%
You
91%
your
91%
don't
82%
my
82%
natural
82%
Oh
82%
so
82%
Cause
73%
day
73%
good
73%
Good
73%
if
73%
know
73%
made
73%
out
73%
was
73%
what
73%
What
73%
came
64%
had
64%
life
64%
met
64%
need
64%
with
64%
you're
64%
along
55%
Aretha Franklin
55%
baby
55%
But
55%
done
55%
found
55%
just
55%
mind
55%
Now
55%
wanna
55%
Wanna
55%
another
45%
Before
45%
claim
45%
Close
45%
inside
45%
knew
45%
Looking
45%
lost
45%
more
45%
morning
45%
rain
45%
used
45%
wrong
45%
you've
45%
alive
36%
didn't
36%
face
36%
happy
36%
helped
36%
key
36%
living
36%
longer
36%
name
36%
peace
36%
soul
36%
Til
36%
tired
36%
unkind
36%
doubtful
27%
kiss
27%
Lord
27%
uninspired
27%
No matching quizzes found
Score Distribution
Percent of People with Each Score
Percentile by Number Answered
Your Score History
You have not taken this quiz